Roman Provinces - Map Quiz - Statistics

General Stats
  • This quiz has been taken 3,198 times
  • The average score is 24 of 47
Answers on the Map
Answers color-coded by a green-red scale on the quiz's map according to % correct below.
 
Answer Stats
Answer % Correct
Italy
93%
Sicily
90%
Sardinia and Corsica
85%
Egypt
77%
Britain
76%
Cyprus
76%
Judea
69%
Gallia Belgica
67%
Macedonia
67%
Crete and Cyrenaica
65%
Africa
64%
Armenia
64%
Dalmatia
64%
Syria
63%
Gallia Aquitania
59%
Hispania Baetica
56%
Germania Superior
55%
Mesopotamia
55%
Thracia
54%
Epirus
52%
Gallia Lugdunensis
52%
Arabia Petraea
50%
Assyria
50%
Lusitania
50%
Dacia
48%
Gallia Narbonensis
48%
Hispania Tarraconensis
48%
Achaea
47%
Asia
47%
Alpes Maritimae
45%
Mauretania Caesariensis
45%
Mauretania Tingitana
45%
Germania Inferior
43%
Alpes Poeninae
40%
Bosporan Kingdom
39%
Bithynia and Pontus
38%
Cappadocia
36%
Cilicia
30%
Alpes Cottiae
29%
Pannonia Inferior
29%
Galatia
27%
Lycia and Pamphylia
25%
Raetia
25%
Noricum
24%
Moesia Inferior
22%
Pannonia Superior
22%
Moesia Superior
20%
No matching quizzes found
Score Distribution
Percent of People with Each Score
Percentile by Number Answered
Your Score History
You have not taken this quiz